Mouse tales : (Record no. 731)

MARC details
000 -LEADER
fixed length control field 00787cam a2200277 a 4500
005 - DATE AND TIME OF LATEST TRANSACTION
control field 20260322212032.0
008 - FIXED-LENGTH DATA ELEMENTS--GENERAL INFORMATION
fixed length control field data
010 ## - LIBRARY OF CONGRESS CONTROL NUMBER
LC control number 94070439
020 ## - INTERNATIONAL STANDARD BOOK NUMBER
International Standard Book Number 0964060558
020 ## - INTERNATIONAL STANDARD BOOK NUMBER
International Standard Book Number 0964060566 (soft)
020 ## - INTERNATIONAL STANDARD BOOK NUMBER
International Standard Book Number 9780964060555
020 ## - INTERNATIONAL STANDARD BOOK NUMBER
International Standard Book Number 9780964060562 (soft)
040 ## - CATALOGING SOURCE
Original cataloging agency MoS
Transcribing agency MoS
Modifying agency DLC
-- DLC
042 ## - AUTHENTICATION CODE
Authentication code lccopycat
050 00 - LIBRARY OF CONGRESS CALL NUMBER
Classification number GV1853.3.C22
Item number D574 1994
082 00 - DEWEY DECIMAL CLASSIFICATION NUMBER
Classification number 791/.06/879496
Edition information 21
092 ## - LOCALLY ASSIGNED DEWEY CALL NUMBER (OCLC)
Classification number 791.068 D574 1994
001 - CONTROL NUMBER
control field data
100 1# - MAIN ENTRY--PERSONAL NAME
Personal name Koenig, David.
245 10 - TITLE STATEMENT
Title Mouse tales :
Remainder of title a behind-the-ears look at Disneyland /
Statement of responsibility, etc. David Koenig.
260 ## - PUBLICATION, DISTRIBUTION, ETC.
Place of publication, distribution, etc. Irvine, CA :
Name of publisher, distributor, etc. Bonaventure Press,
Date of publication, distribution, etc. c1994.
300 ## - PHYSICAL DESCRIPTION
Extent 239 p. :
Other physical details ill. ;
Dimensions 23 cm.
500 ## - GENERAL NOTE
General note Includes index.
650 #0 - SUBJECT ADDED ENTRY--TOPICAL TERM
Topical term or geographic name entry element Amusement parks
Geographic subdivision California
General subdivision History.
651 #0 - SUBJECT ADDED ENTRY--GEOGRAPHIC NAME
Geographic name Disneyland (Calif.)
General subdivision History.
Holdings
Withdrawn status Lost status Damaged status Not for loan Home library Current library Shelving location Date acquired Total checkouts Full call number Barcode Date last seen Price effective from Koha item type
        Centerville Centerville General stacks 22/03/2026   791/.06/879496 21 BC0010748 22/03/2026 22/03/2026 Books